LEADER 00988nas 2200313 4500 001 990000386570203316 035 $a0038657 035 $aUSA010038657 035 $a(ALEPH)000038657USA01 035 $a0038657 100 $a20010402b18061856km-a0ITAy0103----ba 101 $aita 102 $aIT 200 1 $aCollezione delle leggi e de' decreti per il Regno delle Due Sicilie. Indice generale alfabetico 207 1$a1806-1856. 210 $aNapoli$cStamperia e Cartiere del Fibreno$d1806-1856. 215 $av.$d21 cm 676 $a328 710 01$aDue Sicilie.$04598 801 0$aIT$bsalbc$gISBD 912 $a990000386570203316 958 $aGIU$bF.V./IG XVII Q 2$c1806-1856 959 $aSE 969 $aANTICO 979 $aTAMI$b40$c20010402$lUSA01$h1716 979 $c20020403$lUSA01$h1646 979 $aPATRY$b90$c20040406$lUSA01$h1627 996 $aCollezione delle leggi e de' decreti per il Regno delle Due Sicilie. Indice generale alfabetico$9875907 997 $aUNISA LEADER 00742nam0-22002531i-450- 001 990002652090403321 035 $a000265209 035 $aFED01000265209 035 $a(Aleph)000265209FED01 035 $a000265209 100 $a20000920d--------km-y0itay50------ba 101 1$aENG 200 1 $aSalesmanship-Modern Viewpoints on PersonalCommunication$fby Shaw S-Thompson J. 210 $aNew York$cHenry Holt$ds.d. 700 1$aShaw,$bSteven J.$0108479 702 1$aThompson,$bJoseph W. 801 0$aIT$bUNINA$gRICA$2UNIMARC 901 $aBK 912 $a990002652090403321 952 $a4-7-76-TI$b504$fECA 959 $aECA 996 $aSalesmanship-Modern Viewpoints on PersonalCommunication$9430606 997 $aUNINA DB $aING01